000 00708cam a2200193 i 4500
005 20251126110220.0
008 250721s2004 le gr 000 0 ara d
082 1 4 _a211.71
_bب ل ع
100 1 _aبلعيد، الصادق
_eمؤلف.
245 1 2 _aالقرآن و التشريع :
_bقراءة جديدة في آيات الأحكام /
_cالصادق بلعيد.
250 _aالطبعة الثالثة، منقحة.
264 3 1 _aبيروت :
_bمنشورات الحلبي الحقوقية،
_c2004.
300 _a346 صفحة.
650 1 7 _aالقرآن الكريم.
650 1 7 _aآيات الاحكام.
650 1 7 _aالتشريع.
942 _2ddc
_cBK
999 _c119485
_d119485